| 000 | 00826cam a22002771a 4500 | ||
|---|---|---|---|
| 001 | 2683 | ||
| 003 | BD-RjUL | ||
| 005 | 20211208233611.0 | ||
| 008 | 131212s1957 nyua 001 0 eng d | ||
| 020 | _a0070353352 | ||
| 035 | _a(BD-RjUL)2710 | ||
| 035 | _a(OCoLC)7345238 | ||
| 040 |
_aDLC _cOCl _dODaWU _dOCoLC _dUk _dDLC _dBD-RjUL _beng |
||
| 041 | _aeng | ||
| 082 |
_a330.4 _bKOT 1957 |
||
| 100 | 1 |
_aKoopmans, Tjalling C. _q(Tjalling Charles), _d1910-1985. _98640 |
|
| 245 | 1 | 0 |
_aThree essays on the state of economic science / _cTjalling Charles Koopmans. |
| 250 | _a[Paperback ed.] | ||
| 260 |
_aNew York : _bMcGraw-Hill, _c1957. |
||
| 300 |
_axi, 231 p. : _bill. ; _c23 cm. |
||
| 650 | 0 |
_aEconomics. _98641 |
|
| 740 | 0 | _aState of economic science. | |
| 942 |
_2ddc _cBK |
||
| 999 |
_c2683 _d2683 |
||